000 00519nam a2200229Ia 4500
003 OSt
005 20220924142906.0
006 a|||||r|||| 00| 0
007 ta
008 ASM
024 _a303702
037 _cTextual
040 _aARTS
_cARTS
_bASM
041 _2ASM
_aASM
082 _aO158,1N21,1, J4
100 _aBharali
245 0 _aMalancha
260 _c1954
650 _aASSAMESE LITERATURE
_911738
942 _hO158,1N21,1, J4
_cTEXL
_2CC
999 _c452341
_d452341